| 000 | 00730nam a2200193Ia 4500 | ||
|---|---|---|---|
| 999 |
_c44304 _d44304 |
||
| 003 | GCL | ||
| 005 | 20240530104043.0 | ||
| 008 | 140319s9999 xx 000 0 ara d | ||
| 040 |
_aGCL / _cGCL |
||
| 082 | 0 | 4 |
_a224.3/ _bأ م |
| 100 | 1 | _aابن الازرق، ابو راشد نافع بن الازرق بن قيس بن باز بن اسد البكرى الوائلى الحرورى | |
| 245 | 1 | 0 |
_aمسائل نافع بن الازرق / _cابو راشد نافع بن الازرق بن قيس بن باز بن اسد البكرى الوائلى الحرورى |
| 300 | _a253 ص | ||
| 650 | 0 | 4 | _aالفاظ |
| 650 | 0 | 4 | _aتفسير |
| 650 | 0 | 4 | _aالقران |
| 700 | 1 | _aعبدالله بن العباس | |
| 942 |
_2ddc _cBK |
||